000 01208nam a2200313 c 4500
999 _c50890
_d50890
001 50890
003 ES-MaCES
005 20180817134419.0
008 180817s2018 sp o000 | spa d
040 _aES-MaCES
_bspa
_cES-MaCES
245 0 1 _a[Informe a iniciativa propia sobre] las infraestructuras en Extremadura
_cConsejo Económico y Social de Extremadura ; [equipo encargado de la realización del informe, Micaela Isabel Pérez Santana, Ignacio Joaquín Velasco Fresneda]
260 _aMérida
_bConsejo Económico y Social de Extremadura
_c2018
300 _a228 p.
_bmapas, gráf. col.
_c24 cm
541 _cGratuito
650 4 _ainfraestructura
_928025
650 4 _atransportes
_928016
650 4 _aenergía
_927749
650 4 _ahidráulica
_928810
650 4 _atelecomunicaciones
_927884
650 4 _aExtremadura
_930798
650 4 _arepertorio de recomendaciones prácticas
_929261
650 4 _ainforme
_928986
653 1 0 _aPolíticas sectoriales
700 1 _939238
_aPérez Santana, Micaela Isabel
700 1 _939239
_aVelasco Fresneda, Ignacio Joaquín
710 2 _aConsejo Económico y Social de Extremadura
_92436
902 _aLIB Libro
942 _2CES
_cBK
_h5.2.